Antonio de Trueba (Record no. 18748)

MARC details
000 -LEADER
campo de control de longitud fija 00888nam a2200253 i 4500
001 - NÚMERO DE CONTROL
campo de control 18748
003 - IDENTIFICADOR DE NÚMERO DE CONTROL
campo de control ES-MaACL
005 - FECHA Y HORA DE LA ÚLTIMA TRANSACCIÓN
campo de control 20250725052848.0
007 - CAMPO FIJO DE DESCRIPCIÓN FÍSICA--INFORMACIÓN GENERAL
campo de control de longitud fija t|
008 - DATOS DE LONGITUD FIJA--INFORMACIÓN GENERAL
campo de control de longitud fija 020312s1998 sp ||||0| spa j
020 ## - NÚMERO INTERNACIONAL ESTÁNDAR DEL LIBRO
Número Internacional Estándar del Libro 84-921347-0-4
040 ## - FUENTE DE CATALOGACIÓN
Centro catalogador/agencia de origen M-BN
Lengua de catalogación spa
Centro/agencia transcriptor M-BN
080 ## - NÚMERO DE LA CLASIFICACIÓN DECIMAL UNIVERSAL
Número de la Clasificación Decimal Universal 929 Trueba, Antonio de
080 ## - NÚMERO DE LA CLASIFICACIÓN DECIMAL UNIVERSAL
Número de la Clasificación Decimal Universal 946.015.2 B."18"
100 1# - ENTRADA PRINCIPAL--NOMBRE DE PERSONA
Nombre de persona Ereño Altuna, José Antonio.
9 (RLIN) 47381
245 10 - MENCIÓN DEL TÍTULO
Título Antonio de Trueba
Resto del título : literatura-historia-política : (con la disculpa de unos artículos de Trueba) /
Mención de responsabilidad, etc. José Antonio Ereño Altuna.
260 ## - PUBLICACIÓN, DISTRIBUCIÓN, ETC.
Lugar de publicación, distribución, etc. [Bilbao] :
Nombre del editor, distribuidor, etc. J.A. Ereño,
Fecha de publicación, distribución, etc. [1998] (
Lugar de fabricación/manufactura Erandio (Bizkaia :
Fabricante A.G. Rontegui)
300 ## - DESCRIPCIÓN FÍSICA
Extensión 269 p ;
Dimensiones 24 cm.
600 14 - PUNTO DE ACCESO ADICIONAL DE MATERIA--NOMBRE DE PERSONA
Nombre de persona Trueba, Antonio de,
Fechas asociadas al nombre 1819-1889
9 (RLIN) 111545
651 #4 - PUNTO DE ACCESO ADICIONAL DE MATERIA--NOMBRE GEOGRÁFICO
Nombre geográfico Bilbao-
Subdivisión general Historia-
Subdivisión de forma S.XIX.
9 (RLIN) 7883
700 1# - ENTRADA AGREGADA--NOMBRE PERSONAL
Nombre de persona Trueba, Antonio de,
Fechas asociadas al nombre 1819-1889
9 (RLIN) 111545
852 ## - LOCALIZACIÓN
Ubicación ES-MaACL
Número de control de estantería L-25325
Sublocalización o colección R.130421
Holdings
Estatus retirado Estado de pérdida Estado de daño No para préstamo Biblioteca de origen Biblioteca actual Ubicación en estantería Fecha de adquisición Fuente de adquisición Total de préstamos Signatura topográfica completa Código de barras Visto por última vez Precio de reemplazo Tipo de ítem Koha
        Biblioteca del Ateneo de Madrid Biblioteca del Ateneo de Madrid Depósito 2 17/01/2008     L-25325 1019185 23/02/2023 23/02/2023 Libro impreso